| 000 | 00836cam a22002653a 4500 | ||
|---|---|---|---|
| 001 | 1351 | ||
| 003 | PGUSA | ||
| 005 | 20140828083000.0 | ||
| 008 | 980601s1998||||xxu|||||s|||||000 | eng d | ||
| 040 |
_aPGUSA _beng |
||
| 042 | _adc | ||
| 050 | 4 | _aF1001 | |
| 100 | 1 |
_aTrueman, Howard, _d1837-1908 |
|
| 245 | 1 | 4 |
_aThe Chignecto Isthmus and Its First Settlers _h[electronic resource] / _cHoward Trueman |
| 260 |
_bProject Gutenberg, _c1998 |
||
| 506 | _aPublic domain in the USA. | ||
| 516 | _aElectronic text | ||
| 653 | _aCanada -- History | ||
| 653 | _aChignecto Isthmus (N.B. and N.S.) -- Genealogy | ||
| 653 | _aChignecto Isthmus (N.B. and N.S.) -- Biography | ||
| 653 | _aChignecto Isthmus (N.B. and N.S.) -- History | ||
| 830 | 0 |
_aProject Gutenberg _v1351 |
|
| 856 | 4 | 0 | _uhttp://www.gutenberg.org/ebooks/1351 |
| 942 | _cEB | ||
| 999 |
_c230699 _d230699 |
||